| 000 | 00351nam a2200145Ia 4500 | ||
|---|---|---|---|
| 008 | 230917s9999||||xx |||||||||||||| ||und|| | ||
| 040 |
_e77362 _aMAIN |
||
| 041 | _aEnglish | ||
| 082 | _a343.082 L446A | ||
| 100 | _aLawson, R G | ||
| 245 | 0 | _aAdvertising law | |
| 260 |
_aPlymouth _bMacdonald & Evans _c1978 |
||
| 300 | _axxxiv, 366 p. | ||
| 942 | _cBK | ||
| 999 |
_c213992 _d213992 |
||